| 000 | 00764cam a2200241 4500 | ||
|---|---|---|---|
| 001 | sa 68020106 | ||
| 003 | DLC | ||
| 005 | 20260227112722.0 | ||
| 008 | 730418s1970 ii s 00010 eng | ||
| 010 | _asa 68020106 //r91 | ||
| 025 | _aPL480:I-F-E-408 | ||
| 040 |
_aDLC _cDLC _dDLC |
||
| 043 | _aa-ii--- | ||
| 050 | 0 | 0 |
_aHD2951.5 _b.S77 no. 8 _aHG2051.I5 |
| 082 | 0 | 0 |
_a334/.08 s _a332.7/1/0954792 |
| 100 | 1 | 0 | _aDinesh, C. |
| 245 | 1 | 0 |
_aAgricultural finance by a commercial bank; _ba pilot study _c[by C. Dinesh] |
| 260 | 0 |
_aPoona, _bVaikunth Mehta National Institute of Co-operative Managament, _c1970. |
|
| 300 |
_av, 113 p. _c29 cm. |
||
| 350 | _aRs4.00 | ||
| 440 | 0 |
_aStudies in co-operation, _vno. 8 |
|
| 650 | 0 |
_aAgricultural credit _zIndia _zPune (District) |
|
| 999 |
_c89246 _d89246 |
||